Οι μετανάσται
Αποθηκεύτηκε σε:
| Κύριος συγγραφέας: | |
|---|---|
| Μορφή: | Βιβλίο |
| Γλώσσα: | Greek |
| Δημοσίευση: |
Εν Αθήναις :
Βιβλιοπωλείον Ιωάννου Ν. Σιδέρη,
[1925].
|
| Σειρά: | Σύλλογος προς Διάδοσιν Ωφελίμων Βιβλίων (Σειρά)
43 |
| Θέματα: | |
| Διαθέσιμο Online: | http://hdl.handle.net/11610/16602 |
| Ετικέτες: |
Προσθήκη ετικέτας
Δεν υπάρχουν, Καταχωρήστε ετικέτα πρώτοι!
|
MARC
| LEADER | 00000cam a2200000 i 4500 | ||
|---|---|---|---|
| 001 | 1/61296 | ||
| 008 | 141209s1925 gr | ||| |||| ||gre|| | ||
| 035 | |l 10120027 | ||
| 040 | |a GR-MyUA |b gre |e AACR2 | ||
| 041 | 0 | |a gre | |
| 082 | 0 | |a 304.8 |2 (23) | |
| 100 | 1 | |a Λυκούδης, Εμμανουήλ Σ., |d 1849-1925. | |
| 245 | 1 | 3 | |a Οι μετανάσται / |c Εμμανούηλ Σ. Λυκούδη. |
| 260 | |a Εν Αθήναις : |b Βιβλιοπωλείον Ιωάννου Ν. Σιδέρη, |c [1925]. | ||
| 300 | |a 78 σ. ; |c 19 εκ. | ||
| 490 | 1 | |a (Σύλλογος προς διάδοσιν ωφελίμων βιβλίων |v ; 43) | |
| 500 | |a Υπάρχει ψηφιακό αντίγραφο. | ||
| 650 | 0 | 0 | |a Emigration and immigration. |
| 830 | 0 | |a Σύλλογος προς Διάδοσιν Ωφελίμων Βιβλίων (Σειρά) |v 43 | |
| 852 | |a INST |b SAMOS |c PORFYRIADA |e 20141209 |h 304.8 ΛΥΚ |p 005300040887 |q 005300040887 |t NOLOAN |y 23 | ||
| 856 | |u http://hdl.handle.net/11610/16602 | ||
| 901 | |a BIBL3-2014-3 | ||
| 909 | |a Σ |b 185496 | ||
| 970 | |a ΣΙΤΖΙΜΗ |b ΓΙΑΣΕΜΗ |z 2014/12/09 | ||